ミスドの店舗名(東京都) - Statistics

General Stats
  • This quiz has been taken 16 times
  • The average score is 30 of 97
Answer Stats
City Answer % Correct
台東区 浅草
54%
江東区 門前仲町
54%
世田谷区 三軒茶屋
54%
中野区 中野
54%
中野区 東中野
54%
北区 赤羽
54%
足立区 北千住
54%
府中市 府中
54%
中央区 銀座ナイン
46%
中央区 晴海トリトン
46%
新宿区 新宿靖国通り
46%
新宿区 高田馬場戸山口
46%
文京区 千駄木
46%
江東区 亀戸
46%
世田谷区 下北沢
46%
荒川区 町屋
46%
清瀬市 清瀬駅前
46%
羽村市 羽村
46%
新宿区 アトレ信濃町
38%
江東区 アリオ北砂
38%
江東区 東大島駅前
38%
品川区 戸越
38%
品川区 武蔵小山駅前
38%
大田区 蒲田東口
38%
世田谷区 成城
38%
豊島区 池袋サンシャイン通り
38%
豊島区 池袋西口
38%
板橋区 大山
38%
板橋区 成増
38%
江戸川区 葛西駅前
38%
多摩市 多摩センター
38%
墨田区 イトーヨーカドー曳舟
31%
墨田区 押上業平
31%
墨田区 錦糸町マルイ
31%
江東区 ダイバーシティ東京プラザ
31%
大田区 池上駅前
31%
杉並区 高井戸
31%
豊島区 池袋メトロポリタン口
31%
板橋区 東武練馬
31%
練馬区 練馬高野台駅前
31%
足立区 アリオ西新井
31%
足立区 ららテラス北綾瀬
31%
葛飾区 亀有駅前
31%
江戸川区 アリオ葛西
31%
調布市 仙川
31%
日野市 イオンモール多摩平の森
31%
東久留米市 イオンモール東久留米
31%
日の出町 イオンモール日の出
31%
昭島市 Dila拝島
31%
江東区 イトーヨーカドー木場
23%
品川区 イトーヨーカドー大井町
23%
大田区 大森山王
23%
大田区 糀谷
23%
世田谷区 桜新町駅前
23%
世田谷区 二子玉川ライズオークモール
23%
杉並区 南阿佐谷
23%
北区 王子メトロピア
23%
板橋区 セブンタウン小豆沢
23%
板橋区 西台駅前
23%
練馬区 江古田
23%
練馬区 石神井公園駅前
23%
練馬区 富士見台駅前
23%
足立区 エキア竹ノ塚
23%
江戸川区 シャポー小岩
23%
江戸川区 西葛西駅前
23%
江戸川区 船堀駅前
23%
八王子市 イトーヨーカドー狭間
23%
八王子市 ぐりーんうぉーく多摩
23%
八王子市 京王八王子駅前
23%
立川市 立川北口
23%
立川市 ららぽーと立川立飛
23%
武蔵野市 吉祥寺サンロード
23%
昭島市 昭島モリタウン
23%
調布市 調布パルコ
23%
町田市 鶴川駅前
23%
町田市 町田東急ツインズ
23%
町田市 南町田グランベリーパーク
23%
小金井市 イトーヨーカドー武蔵小金井
23%
国分寺市 国分寺マルイ
23%
福生市 西友福生
23%
武蔵村山市 イオンモールむさし村山
23%
多摩市 グリナード永山
23%
西東京市 ひばりケ丘
23%
瑞穂町 ジョイフル本田瑞穂
23%
練馬区 光が丘IMA
23%
武蔵野市 IY武蔵境
23%
台東区 JR上野駅中央改札内
23%
八王子市 JR八王子南口
23%
荒川区 LaLaテラス南千住
23%
世田谷区 小田急OX経堂
23%
世田谷区 喜多見駅前
15%
八王子市 八王子檜原コピオ
15%
小平市 花小金井駅南口
15%
東大和市 東大和市駅前
15%
多摩市 聖蹟桜ケ丘
15%
葛飾区 MARK IS 葛飾かなまち
15%
八王子市 南大沢駅前
8%
No matching quizzes found
Score Distribution
Percent of People with Each Score
Percentile by Number Answered
Your Score History
You have not taken this quiz